|
|
|
|
| LEADER |
01290ppm a22002778a 4500 |
| 001 |
00029844 |
| 005 |
20171026081022.0 |
| 008 |
121123s2010 ||||||viesd |
| 041 |
0 |
# |
|a vie
|
| 082 |
1 |
4 |
|a 510.71
|b M458S
|
| 100 |
1 |
# |
|a Võ, Xuân Mai
|
| 245 |
0 |
0 |
|a Một số phương thức tiếp cận phương pháp dạy học tích cực qua bộ môn phương pháp dạy học toán ở trường Đại học
|b Luận văn thạc sĩ Giáo dục học. Chuyên ngành: Lí luận và phương pháp dạy học bộ môn toán. Mã số: 60 14 10
|c Võ Xuân Mai; Đào Tam (hướng dẫn)
|
| 260 |
# |
# |
|a Vinh
|b Đại học Vinh
|c 2010
|
| 300 |
# |
# |
|a iii, 94 tr.
|c 30cm.
|b hình vẻ
|e 1 bản tóm tắt
|
| 500 |
# |
# |
|a ĐTTTS ghi: Bộ giáo dục và đào tạo. Trường Đại học Vinh
|
| 653 |
# |
# |
|a Luận văn
|
| 653 |
# |
# |
|a Trường Đại học
|
| 653 |
# |
# |
|a Toán học
|
| 653 |
# |
# |
|a Phương pháp giảng dạy
|
| 700 |
1 |
# |
|a Đào, Tam
|e Hướng dẫn
|
| 852 |
# |
# |
|b Kho đọc SĐH
|j LV.0000003, LV.0000105
|
| 852 |
# |
# |
|j LV.0000003
|j LV.0000105
|
| 910 |
|
|
|d 23/11/2012
|
| 980 |
# |
# |
|a Trung tâm Học liệu Lê Vũ Hùng, Trường Đại học Đồng Tháp
|